La question sociale est une question morale / (Record no. 168162)

MARC details
000 -LEADER
campo de control de longitud fija 00812nam a22002415i 4500
001 - NÚMERO DE CONTROL
campo de control 168162
003 - IDENTIFICADOR DE NÚMERO DE CONTROL
campo de control ES-MaACL
005 - FECHA Y HORA DE LA ÚLTIMA TRANSACCIÓN
campo de control 20250804085014.0
008 - DATOS DE LONGITUD FIJA--INFORMACIÓN GENERAL
campo de control de longitud fija 980131s1895 fr |||| | fre d
040 ## - FUENTE DE CATALOGACIÓN
Centro catalogador/agencia de origen NA
Lengua de catalogación spa
Centro/agencia transcriptor NA
080 ## - NÚMERO DE LA CLASIFICACIÓN DECIMAL UNIVERSAL
Número de la Clasificación Decimal Universal 330.84/86
100 1# - ENTRADA PRINCIPAL--NOMBRE DE PERSONA
Nombre de persona Ziegler, Theobald.
9 (RLIN) 134043
245 13 - MENCIÓN DEL TÍTULO
Título La question sociale est une question morale /
Mención de responsabilidad, etc. Th. Ziegler ; traduit d'après la quatrième édition allemande par G. Palante.
250 ## - MENCION DE EDICION
Mención de edición 2e éd.
260 ## - PUBLICACIÓN, DISTRIBUCIÓN, ETC.
Lugar de publicación, distribución, etc. Paris :
Nombre del editor, distribuidor, etc. Felix Alcan,
Fecha de publicación, distribución, etc. 1895 (
Lugar de fabricación/manufactura Evreux :
Fabricante Imprimerie de Charles Hérissey)
300 ## - DESCRIPCIÓN FÍSICA
Extensión XV, 172 p. ;
Dimensiones 18 cm.
650 #7 - PUNTO DE ACCESO ADICIONAL DE MATERIA--TÉRMINO DE MATERIA
Término de materia o nombre geográfico como elemento de entrada Ética social
Fuente del encabezamiento o término embne
9 (RLIN) 12593
650 07 - PUNTO DE ACCESO ADICIONAL DE MATERIA--TÉRMINO DE MATERIA
Término de materia o nombre geográfico como elemento de entrada Socialismo
Fuente del encabezamiento o término embne
9 (RLIN) 17147
700 1# - ENTRADA AGREGADA--NOMBRE PERSONAL
Nombre de persona Palante, G.
9 (RLIN) 130791
852 ## - LOCALIZACIÓN
Ubicación ES-MaACL
Número de control de estantería F-11613
Nota libre -- Enc. pasta española
Holdings
Estatus retirado Estado de pérdida Estado de daño No para préstamo Colección Biblioteca de origen Biblioteca actual Ubicación en estantería Fecha de adquisición Fuente de adquisición Total de préstamos Signatura topográfica completa Código de barras Visto por última vez Precio de reemplazo Tipo de ítem Koha
        Libros del s. XIX Biblioteca del Ateneo de Madrid Biblioteca del Ateneo de Madrid Sala Pecera Planta 2 17/01/2008     F-11613 1176446 23/02/2023 23/02/2023 Libro impreso antiguo